Normal view MARC view

Entry Términos de género/forma

Number of records used in: 1

001 - NÚMERO DE CONTROL

  • campo de control: 30019

003 - IDENTIFICADOR DEL NÚMERO DE CONTROL

  • campo de control: FranzMayer

005 - FECHA Y HORA DE LA ÚLTIMA TRANSACCIÓN

  • campo de control: 20250808110401.0

008 - DATOS DE LONGITUD FIJA

  • campo de control de longitud fija: 250808|| aca||aabn | a|a d

040 ## - FUENTE DE LA CATALOGACIÓN

  • Centro catalogador/agencia de origen: FranzMayer
  • Centro/agencia transcriptor: FranzMayer

155 ## - ENCABEZAMIENTO--TÉRMINO DE GÉNERO/FORMA

  • Término de género/forma: Libros ilustrados
  • Subdivisión general: Historia
  • Subdivisión cronológica: Siglos XV y XVI
  • Subdivisión geográfica: Alemania
  • Subdivisión geográfica: Nuremberg

670 ## - FUENTE DE DATOS ENCONTRADOS

  • Cita de la fuente: Work cat.: (FranzMayer)11084: Schedel, Hartmann, 1440-1514 autor 30013, Cronicarum per viam epithomatis breviarij compilati opus / , 1493